000 00577cam a2200181 a 4500
999 _c23293
_d23293
001 17470174
005 20220823091451.0
008 120921s2012 xo b 000 0 slo
020 _a9788055604077
020 _a805560407X
040 _aDLC
_cDLC
100 1 _aZáborský, Jonáš,
_d1812-1876.
_93281
245 1 0 _aDejiny král̕ovstva uhorského :
_bod počiatku do časov Žigmundových /
_cvypravuje Jonáš Záborský.
250 _a1. slovenské vyd.
260 _aBratislava :
_bSlovart,
_c2012.
300 _axxvi, 706 p. ;
_c24 cm.
651 0 _aHungary
_xHistory.
_92987